• 首页
  • 本馆介绍
  • 公告通知
  • 最新文献
  • 馆藏检索
  • 电子资源
  • 读者导购
  • 参考咨询
  • 我的图书馆
  • 登录
  • 详细信息显示
  • 放入我的书架
  • 预约/预借图书
  • 作者相关作品
  • 分类相关作品
  • 丛书相关作品
  • 出版社相关作品

书目信息

  • 表格格式
  • 工作单格式
  • 卡片格式
题名:
木材浮压干燥的基本特性
    
 
作者: 伊松林 , 张壁光 , 常建民 著
分册:  
出版信息: 北京   中国环境科学出版社  2005
页数: 148页
开本: 20cm
丛书名: 北京林业大学优秀博士论文基金资助丛书
单 册:
中图分类: S781
科图分类:
主题词: 遗传学--研究 , 木材彩采运 , 森林资源--利用
电子资源:
ISBN: 7-80209-129-2
000 00929nam0 2200277 450
001 06303000271
005 20061206163353.37
010    @a7-80209-129-2@dCNY20.00(共三册60.00)
100    @a20060829d2005 ekmy0chiy0120 ea
101 0  @achi
102    @aCN@b110000
105    @aa z 000yy
200 1  @a木材浮压干燥的基本特性@Amu cai fu ya gan zao de ji ben te xing@f伊松林,张壁光,常建民著@Fyi song lin,zhang bi guang,chang jian min zhu
210    @a北京@c中国环境科学出版社@d2005
215    @a148页@c图@d20cm
225 2  @a北京林业大学优秀博士论文基金资助丛书@v第三辑
410  0 @12001 @a北京林业大学优秀博士论文基金资助丛书@v第三辑
606 0  @a遗传学@x研究
606 0  @a木材彩采运
606 0  @a森林资源@x利用
690    @aS781@v4
701  0 @a伊松林@Ayi song lin@4著
701  0 @a张壁光@Azhang bi guang@4著
701  0 @a常建民@Achang jian min@4著
801  0 @aCN@b中图数据@c20061206
905    @a10447@dS781@e24
    
    木材浮压干燥的基本特性/伊松林,张壁光,常建民著.-北京:中国环境科学出版社,2005
    148页:图;20cm.-(北京林业大学优秀博士论文基金资助丛书;第三辑)
    
    
    ISBN 7-80209-129-2:CNY20.00(共三册60.00)
    
●
相关链接 在E读中查询图书 在五车中查询图书 在当当中查询图书 在豆瓣中查询图书


正题名:木材浮压干燥的基本特性     索取号:S781/24         预约/预借

序号 登录号 条形码 馆藏地/架位号 状态 备注
1 0605321   206053214   第二样本阅览室/ [索取号:S781/24] 在馆    
2 0605322   206053223   第三借阅区/ [索取号:S781/24] 在馆    
3 0605323   206053232   第三借阅区/ [索取号:S781/24] 在馆    
唐山师范学院图书馆 欢迎您!
大连网信软件有限公司© 版权所有